History - European | 1 | 3 | 0 | 0 | 45 | 61 | 104.25 | 0 | 0 |
Literature - World and Miscellaneous | 1 | 3 | 0 | 0 | 45 | 23 | 85.50 | 0 | 1 |
RMP - Philosophy | 0 | 3 | 0 | 0 | 30 | 97 | 113.67 | 0 | 0 |
History - World | 0 | 3 | 0 | 0 | 30 | 66 | 88.33 | 0 | 0 |
RMP - Greco-Roman Mythology | 0 | 2 | 0 | 0 | 20 | 111 | 115.00 | 0 | 0 |
Other - Other Academic and General Knowledge | 0 | 2 | 0 | 0 | 20 | 88 | 106.50 | 0 | 0 |
RMP - World Mythology | 0 | 2 | 0 | 0 | 20 | 117 | 126.00 | 0 | 0 |
Literature - British | 0 | 2 | 0 | 0 | 20 | 79 | 85.50 | 0 | 1 |
Fine Arts - Painting | 0 | 2 | 0 | 0 | 20 | 107 | 110.00 | 0 | 0 |
Science - Math | 0 | 2 | 0 | 0 | 20 | 94 | 109.00 | 0 | 0 |
Social Science - Economics | 0 | 1 | 0 | 0 | 10 | 101 | 101.00 | 0 | 0 |
Fine Arts - Music | 0 | 1 | 0 | 0 | 10 | 123 | 123.00 | 0 | 0 |
Fine Arts - Sculpture | 0 | 1 | 0 | 0 | 10 | 119 | 119.00 | 0 | 0 |
Geography - World | 0 | 1 | 0 | 0 | 10 | 117 | 117.00 | 0 | 0 |
Literature - American | 0 | 1 | 0 | 0 | 10 | 84 | 84.00 | 0 | 0 |
RMP - Christian Practice | 0 | 1 | 0 | 0 | 10 | 108 | 108.00 | 0 | 0 |
RMP - East Asian Religion | 0 | 1 | 0 | 0 | 10 | 97 | 97.00 | 0 | 0 |
Current Events - World | 0 | 1 | 0 | 0 | 10 | 95 | 95.00 | 0 | 0 |
History - Cross, Historiography, and Miscellaneous | 0 | 0 | 0 | 0 | 0 | | 0.00 | 0 | 0 |
Science - Chemistry | 0 | 0 | 0 | 0 | 0 | | 0.00 | 0 | 0 |